000 00709nam a2200205Ia 4500
001 17765
003 GE_BSU
008 181216s||||||||xx |||||||||||||| ||und||
040 _cGE_BSU
080 _a69(075.8)
245 _aТехнология стоительного производства.
245 _bУчебник.
245 _cПод общей ред. О.О.Литвинова, ред.:А.А.Рожавина, А.И.Семенова.
260 _aКиев.
260 _bВища школа.
260 _c1972.
300 _a542 стр. с илл. 27 см. Библиогр. стр. 534.
653 _aТехнология стоительного производства.
942 _cBK
999 _c50812
_d50812